La vie de S. Basilie le grand archevesque de Cesaree en Cappadoce, et celle de S. Gregoire de Nazianze archevesque de Constantinople divise es en douze livres / par M. Godefroy Hermant

Detalles Bibliográficos
Autor principal: Hermat, Godefroy
Formato: Libro
Lenguaje:Undetermined
French
Publicado: a Paris : chez Antoine Dezallier, 1679.
Materias:
Colección:Banco de datos
Acervo:Biblioteca Palafoxiana. Colección bibliográfica
Descripción Física:2 t. ; 4°
Tema general:Hagiografía
Notas:Número de localización: t.1 (21589); t.2 (21590)
LEADER 00666nam a2200169Ia 4500
008 150723s9999 xx 000 0 und d
041 0 |a fre 
050 0 |a PAFX BR1710 H4 
100 1 |a Hermat, Godefroy 
245 1 0 |a La vie de S. Basilie le grand archevesque de Cesaree en Cappadoce, et celle de S. Gregoire de Nazianze archevesque de Constantinople divise es en douze livres / par M. Godefroy Hermant 
260 |a a Paris : chez Antoine Dezallier, 1679. 
300 |a 2 t. ; 4° 
500 |a Número de localización: t.1 (21589); t.2 (21590) 
650 1 0 |a Hagiografía 
942 |c PALALIB 
943 |g Biblioteca Palafoxiana. Colección bibliográfica 
999 |c 1051042  |d 1051042